Statistics for 2017 Champions League of Darts Participants

Click here to take the quiz!

General Stats

  • This quiz has been taken 19 times
  • The average score is 7 of 8

Answer Stats

CountryPlayer% Correct
NetherlandsMichael van Gerwen
100%
EnglandAdrian Lewis
94%
ScotlandGary Anderson
94%
ScotlandPeter Wright
88%
EnglandPhil Taylor
88%
AustriaMensur Suljovic
81%
NetherlandsRaymond van Barneveld
81%
EnglandDave Chisnall
69%

Score Distribution

Percentile by Number Answered

Percent of People with Each Score

Your Score History

You have not taken this quiz